| Поле | Инд. | ПП | Название | Значение |
|---|---|---|---|---|
| Тип записи | a | |||
| Библиографический уровень | a | |||
| 001 | Контрольный номер | 3ab0a5a5ebf6427089e7a27f504e0ea3 | ||
| 005 | Дата корректировки | 20220224161011.7 | ||
| 040 | a | Служба первич. каталог. | НБ ТвГУ | |
| b | Код языка каталог. | rus | ||
| e | Правила каталог. | PSBO | ||
| 041 | 0_ | a | Код языка текста | rus |
| 097 | b | Оператор | Komarova.ES | |
| 100 | 1_ | a | Автор | Косовская Татьяна Матвеевна |
| q | Полное имя | Косовская Т. М. | ||
| 245 | 10 | a | Заглавие | Изоморфизм предикатных формул и его применение для выделения общих свойств сложных структурированных объектов в задачах ИИ |
| 260 | a | Место издания | Тверь | |
| b | Издательство | Тверской государственный университет | ||
| 504 | a | Библиография | Библиогр.: с. 174-175 (9 назв.) | |
| 520 | 0_ | a | Аннотация | Под сложным структурированным объектом понимается объект, являющийся совокупностью своих элементов, каждый из которых обладает некоторыми свойствами, и эти элементы могут находиться в заданных отношениях (не обязательно бинарных). Для таких объектов адекватным языком описания является язык исчисления предикатов. Рассматривается подход к решению ряда задач распознавания и анализа сложных структурированных объектов. Введенное автором понятие изоморфизма элементарных конъюнкций предикатных формул дает возможность решать следующие задачи: создание иерархического описания множества объектов, существенно уменьшающего вычислительную сложность распознавания объектов; построение на его основе предикатных сетей для распознавания сложных структурированных объектов; построение нечетких предикатных сетей, позволяющих определить, какая часть распознаваемого объекта в какой степени похожа на часть известного объекта; «распараллеливание» процесса распознавания объекта; создание полного описания объекта при мульти-агентном сборе информации; построение онтологии множества сложных структурированных объектов. |
| 653 | 0_ | a | Ключевые слова | Сбор информации |
| a | Ключевые слова | Санкт-Петербург, город | ||
| a | Ключевые слова | Изоморфизм предикатных формул | ||
| a | Ключевые слова | Мульти-агентное описание | ||
| a | Ключевые слова | Онтология | ||
| 773 | 18 | w | Контрольный № источника | f93cd7c2cffb4b90a02951ff508e955d |
| t | Название источника | Математические основы информатики и информационно-коммуникационных систем" | ||
| d | Место и дата издания | Тверь : Тверской государственный университет, 2021 | ||
| g | Прочая информация | С. 168-175 | ||
| 856 | 40 | u | URL | http://megapro.tversu.ru/megaPro/UserEntry?Action=FindDocs&ids=5455320 |
| u | URL | http://texts.lib.tversu.ru/texts/151513t.pdf | ||
| x | Примечание для ЭОР | Справка УИС 2021 | ||
| x | Примечание для ЭОР | Реестр суммарного учета сетевых локальных документов | ||
| i | Дата подключения ЭОР | 20211224 | ||
| 901 | t | Тип документа | a | |
| 920 | a | Оператор | Кома | |
| 954 | b | Дата поступления в ОК | 20211222 |